000 02030nam a2200373 c 4500
003 BLK
005 20180422115637.0
008 180411b bul|||||r ||||||| ||bul||
010 _aKNG00198338000
040 _aBLK
041 _aBUL
_cBUL
080 _aХидротерапия (водотерапия). Балнеолечение. Курортотерапия - Лечение с бани, горещи бани, сауна, хладни бани, речно къпане, влажни фрикции, компреси, с "жива вода"(алкално активирана, с ph 9, 6;курорт
_b615.838
_x
_z615.838
100 1 _aКостадинов, Димитър
_eпърви автор
_gГеоргиев, Димитър Костадинов
_9365184
700 1 _aКалайджиев, Георги Михайлов
_eсъавт.
_9375336
700 1 _aПапочиев, Георги
_eсъавт.
_9106650
700 1 _aГеоргиев, Димитър Костадинов
_e*
_9373144
139 _aКостадинов, Димитър и др.
_bК 86
245 1 0 _aСандански
_bНауч.-попул. очерк
_cДимитър Костадинов; съавт. Георги Михайлов Калайджиев; съавт. Георги Папочиев; * Димитър Костадинов Георгиев.
257 _aBGR
260 София
_bМедицина и физкултура
_c1983
300 _a63 с.
_bс ил., табл.
_c17 см
380 _a61
490 1 _aНаши курорти
500 _aПълното име на първия авт. е Димитър Костадинов Георгиев. - 11 105 тир.
650 4 _aКурорти, български
_9273640
650 4 _aКурортно лечение - терапия
_9160014
650 4 _aСандански (курорт)
_9342589
651 4 _aСандански
_9179480
852 _aЦб І 20940
856 4 _qpdf
_u
856 4 _qpdf
_u
942 _cKNG
_n0
944 _aCR
_c16.12.2016
_kКети_Илиева
944 _aED
_c16.12.2016
_kКети_Илиева
999 _c189309
_d189309